Central Library OPAC University of Rajshahi

The Medieval nobility : (Record no. 34792)

MARC details
000 -LEADER
fixed length control field 01150nam a2200301 i 4500
001 - CONTROL NUMBER
control field 34792
003 - CONTROL NUMBER IDENTIFIER
rucl marc code BD-RjUL
005 - DATE AND TIME OF LATEST TRANSACTION
control field 20211209052219.0
008 - FIXED-LENGTH DATA ELEMENTS--GENERAL INFORMATION
fixed length control field 140519s1978 ne b 001 0 eng
020 ## - INTERNATIONAL STANDARD BOOK NUMBER
International Standard Book Number 0444851364
035 ## - SYSTEM CONTROL NUMBER
System control number (BD-RjUL)34886
040 ## - CATALOGING SOURCE
Original cataloging agency DLC
Transcribing agency DLC
Modifying agency DLC
-- BD-RjUL
Language of cataloging eng
041 1# - LANGUAGE CODE
Language code of text/sound track or separate title engfre
082 00 - DEWEY DECIMAL CLASSIFICATION NUMBER
Classification number 301.4420944
Author mark and year MED V-14 1978
245 04 - TITLE STATEMENT
Title The Medieval nobility :
Remainder of title studies on the ruling classes of France and Germany from the sixth to the twelfth century /
Statement of responsibility, etc. edited and translated by Timothy Reuter.
Number of part/section of a work Volume 14
260 ## - PUBLICATION, DISTRIBUTION, ETC. (IMPRINT)
Place of publication, distribution, etc. Amsterdam ;
-- New York :
Name of publisher, distributor, etc. North-Holland Pub. Co. ;
Place of publication, distribution, etc. New York :
Name of publisher, distributor, etc. distributors for the U.S. and Canada, Elsevier North-Holland,
Date of publication, distribution, etc. c1978.
300 ## - PHYSICAL DESCRIPTION
Pagination x, 376 p. ;
Size 23 cm.
504 ## - BIBLIOGRAPHY, ETC. NOTE
Bibliography, etc Bibliography: p. [331]-366.
Bibliography, etc Includes index.
650 #0 - SUBJECT ADDED ENTRY--TOPICAL TERM
Topical term or geographic name as entry element Nobility
Geographic subdivision France
General subdivision History
Chronological subdivision To 1500.
9 (RLIN) 105895
Topical term or geographic name as entry element Nobility
Geographic subdivision Germany
General subdivision History
Chronological subdivision To 1500.
9 (RLIN) 105896
Topical term or geographic name as entry element Social history
Chronological subdivision Medieval, 500-1500.
9 (RLIN) 105442
700 1# - ADDED ENTRY--PERSONAL NAME
Personal name Reuter, Timothy.
942 ## - ADDED ENTRY ELEMENTS (KOHA)
Source of classification or shelving scheme Dewey Decimal Classification
Koha item type Books
Holdings
Lost status Source of classification or shelving scheme Damaged status Not for loan Collection code Permanent Location Current Location Shelving location Date acquired Source of acquisition Cost, normal purchase price Total Checkouts Full call number Date last seen Copy number Koha item type
  Dewey Decimal Classification   Not For Loan Non-fiction Central Library, University of Rajshahi Central Library, University of Rajshahi Reading Room 03/11/1980 Netherland 0.00   301.4420944 MED V-14 1978 19/05/2014 C-1 Books